The role of science and technology in economic competitiveness
Gorde:
| Formatua: | Liburua |
|---|---|
| Hizkuntza: | Undetermined |
| Argitaratua: |
Washington
National Science Foundation
1987
|
| Gaiak: | |
| Etiketak: |
Etiketa erantsi
Etiketarik gabe, Izan zaitez lehena erregistro honi etiketa jartzen!
|
| Thư viện lưu trữ: | Trung tâm Học liệu Trường Đại học Cần Thơ |
|---|
| LEADER | 00524nam a2200169Ia 4500 | ||
|---|---|---|---|
| 001 | CTU_98586 | ||
| 008 | 210402s9999 xx 000 0 und d | ||
| 082 | |a 338.4 | ||
| 082 | |b R745 | ||
| 245 | 4 | |a The role of science and technology in economic competitiveness | |
| 260 | |a Washington | ||
| 260 | |b National Science Foundation | ||
| 260 | |c 1987 | ||
| 650 | |a Research,Technological innovation | ||
| 650 | |x Congresses,Economic aspects,Congresses | ||
| 904 | |i Truc | ||
| 980 | |a Trung tâm Học liệu Trường Đại học Cần Thơ | ||